<?xml version="1.0" encoding="UTF-8"?><?xml-stylesheet type="text/xsl" href="static/style.xsl"?><OAI-PMH xmlns="http://www.openarchives.org/OAI/2.0/" xmlns:xsi="http://www.w3.org/2001/XMLSchema-instance" xsi:schemaLocation="http://www.openarchives.org/OAI/2.0/ http://www.openarchives.org/OAI/2.0/OAI-PMH.xsd"><responseDate>2026-04-13T04:08:40Z</responseDate><request verb="GetRecord" identifier="oai:www.recercat.cat:2117/442280" metadataPrefix="marc">https://recercat.cat/oai/request</request><GetRecord><record><header><identifier>oai:recercat.cat:2117/442280</identifier><datestamp>2025-09-24T13:25:03Z</datestamp><setSpec>com_2072_1033</setSpec><setSpec>col_2072_452951</setSpec></header><metadata><record xmlns="http://www.loc.gov/MARC21/slim" xmlns:dcterms="http://purl.org/dc/terms/" xmlns:xsi="http://www.w3.org/2001/XMLSchema-instance" xmlns:doc="http://www.lyncode.com/xoai" xsi:schemaLocation="http://www.loc.gov/MARC21/slim http://www.loc.gov/standards/marcxml/schema/MARC21slim.xsd">
   <leader>00925njm 22002777a 4500</leader>
   <datafield ind2=" " ind1=" " tag="042">
      <subfield code="a">dc</subfield>
   </datafield>
   <datafield ind2=" " ind1=" " tag="720">
      <subfield code="a">Ramos Porras, Marina</subfield>
      <subfield code="e">author</subfield>
   </datafield>
   <datafield ind2=" " ind1=" " tag="260">
      <subfield code="c">2025-07-17</subfield>
   </datafield>
   <datafield ind2=" " ind1=" " tag="520">
      <subfield code="a">In the context of Advanced Driving Assist Systems (ADAS), Adaptive Cruise Control
(ACC) is essential for adaptation to real traffic, but does not consider road driving
conditions such as signaling. The development of a Predictive Cruise Control (PCC) in
MATLAB/Simulink is proposed to improve the performance of an existing ACC, designed
to follow the speed of a vehicle in front, in road situations that include speed limit signs
and traffic lights. The surrounding information has been defined to come from static maps
and V2X (vehicle-to-everything) communication using SPaT (Signal Phase and Timing)
message, and the way to simulate these data has been studied. The algorithm for
determining the optimal speed trajectory to be performed according to the environmental
information is based on the compliance with the road regulation, efficiency of motion
profile and safety, and has been tested on 3D virtual simulations from RoadRunner. To
validate the PCC functionality, five different scenarios have been created, the last one
belonging to an ongoing project for development of technologies for smart cities. The
results demonstrate that the speed of the vehicle that integrates the PCC behaves
according to the road speed constraints, and that the speed trajectory when approaching
the intersection with a traffic light is decided depending on the current and future light
state, optimizing driving.</subfield>
   </datafield>
   <datafield ind2=" " ind1=" " tag="520">
      <subfield code="a">Outgoing</subfield>
   </datafield>
   <datafield ind1="8" ind2=" " tag="024">
      <subfield code="a">http://hdl.handle.net/2117/442280</subfield>
   </datafield>
   <datafield tag="653" ind2=" " ind1=" ">
      <subfield code="a">Àrees temàtiques de la UPC::Informàtica</subfield>
   </datafield>
   <datafield tag="653" ind2=" " ind1=" ">
      <subfield code="a">Automobiles--Speed--Automatic control</subfield>
   </datafield>
   <datafield tag="653" ind2=" " ind1=" ">
      <subfield code="a">ADAS, ACC, PCC, V2X, SPaT, MATLAB, Simulink, RoadRunner, scenario</subfield>
   </datafield>
   <datafield tag="653" ind2=" " ind1=" ">
      <subfield code="a">Automòbils--Velocitat--Control automàtic</subfield>
   </datafield>
   <datafield ind2="0" ind1="0" tag="245">
      <subfield code="a">Development of a Predictive Cruise Control to enhance the Adaptive Cruise Control using environmental information</subfield>
   </datafield>
</record></metadata></record></GetRecord></OAI-PMH>